000 00749cam a2200181 i 4500
005 20251109093903.0
008 250721s2018 jo gr 000 0 ara d
082 1 4 _a155.412
_bن و ا
100 1 _aنواصرة، " محمد مراد" راضي نواصرة
_eمؤلف.
245 1 2 _aالمرونة العصبية وتحسين وظائف الدماغ لدى الاطفال /
_cتأليف الدكتور"محمد مراد" راضي نواصرة.
250 _aالطبعة الأولى.
264 3 1 _aعمان :
_bمحمد مراد راضي نواصرة،
_c2018.
300 _a276 صفحة.
650 1 7 _aسيكولوجية الأطفال.
650 1 7 _aالمرونة العصبية.
942 _2ddc
_cBK
999 _c137339
_d137339